Liste des Tennismans aux qualifications de Roland-Garros 2021 - Statistiques

Statistiques générales
  • Ce quiz a été pris 42 fois
  • Le résultat moyen est 10 sur 128
Statistiques - réponses
Joueur % Correct
Halys
47%
Fils
45%
Alcaraz
34%
Daniel
29%
Hoang
29%
van Assche
29%
Baez
24%
Kokkinakis
24%
Zhang
24%
Cerundolo
21%
Lestienne
21%
Muller
21%
Ymer
21%
Huesler
18%
Janvier
18%
McDonald
18%
Otte
18%
Griekspoor
16%
Gulbis
16%
Ofner
16%
Eubanks
13%
Rodionov
13%
Seyboth
13%
Van De Zandschulp
13%
Varillas
13%
Zapata Miralles
13%
Broady
11%
Brooksby
11%
Dzumhur
11%
Etcheverry
11%
Gojo
11%
Gomez
11%
Guinard
11%
Istomin
11%
Ivashka
11%
Krueger
11%
Kudla
11%
Laaksonen
11%
Mmoh
11%
Nakashima
11%
Robredo
11%
Rosol
11%
Tabilo
11%
Tomic
11%
Cressy
8%
Dellien
8%
Gaio
8%
Giannessi
8%
Ito
8%
Klizan
8%
Lamasine
8%
Machac
8%
Mpetshi Perricard
8%
Ramanathan
8%
Safiullin
8%
Andreozzi
5%
Bemelmans
5%
Bolt
5%
Clarke
5%
Copil
5%
Coppejans
5%
Fabbiano
5%
Furness
5%
Galan Riveros
5%
Haase
5%
Jacquet
5%
Kamke
5%
Kolar
5%
Lorenzi
5%
Maden
5%
Marchenko
5%
Mayer
5%
Milojevic
5%
Nagal
5%
Novak
5%
Polansky
5%
Stakhovsky
5%
Stebe
5%
Taberner
5%
Bachinger
3%
Celikbilek
3%
Diez
3%
Domingues
3%
Fratangelo
3%
Giustino
3%
Gunneswaran
3%
Jung
3%
Kovalik
3%
Kuzmanov
3%
Marcora
3%
Menezes
3%
Pellegrino
3%
Popko
3%
Safwat
3%
Schnur
3%
Sousa
3%
Trungelliti
3%
Vukic
3%
Zuk
3%
Barrios
0%
Cid Subervi
0%
Collarini
0%
Donskoy
0%
Ebden
0%
Escobedo
0%
Ferreira Silva
0%
Gojowczyk
0%
Horansky
0%
Ilkel
0%
Kavcic
0%
Kuznetsov
0%
Kwiatkowski
0%
Lacko
0%
Legout
0%
Martener
0%
Martineau
0%
Masur
0%
Meligeni Rodrigues Alves
0%
Olivo
0%
Petrovic
0%
Polmans
0%
Rola
0%
Soeda
0%
Torpegaard
0%
Troicki
0%
Uchiyama
0%
Viella
0%
Aucun quiz correspondant
Distribution des résultats
% des personnes avec chaque résultat
Percentile par nombre de réponses
Votre historique - résultats
Vous n’avez pas pris ce quiz